[Event "Harrogate 4NCL op-C 29th"]
[Site "Harrogate"]
[Date "2023.01.21"]
[Round "3"]
[White "Merry, John D"]
[Black "Gannon, Ben"]
[Result "1-0"]
[WhiteElo "1603"]
[BlackElo "1487"]
[PlyCount "45"]
[EventDate "2023.01.20"]
[EventType "swiss"]
[EventRounds "5"]
[EventCountry "ENG"]
[SourceTitle "CBM 212 Extra"]
[Source "ChessBase"]
[SourceDate "2023.03.31"]
[SourceVersion "1"]
[SourceVersionDate "2023.03.31"]
[SourceQuality "1"]

1. e4 e6 2. d3 d5 3. Nd2 c5 4. Ngf3 Nc6 5. g3 Bd7 6. Bg2 Rc8 7. 0-0 dxe4 8. Nxe4 e5 9. c3 Bg4 10. h3 f5 11. hxg4 fxe4 12. dxe4 Nf6 13. Bg5 Qxd1 14. Raxd1 Nxe4 15. Rfe1 Nxg5 16. Nxg5 h6 17. Bxc6+ Rxc6 18. Rxe5+ Be7 19. Ne4 Kf7 20. Rd7 Re8 21. Rxb7 Rb6 22. Rxa7 Rxb2 23. Nd6+ 1-0